Dynamic adventures. (Record no. 1731)

MARC details
000 -LEADER
fixed length control field 01571cas a22004331a 4500
001 - CONTROL NUMBER
control field data
005 - DATE AND TIME OF LATEST TRANSACTION
control field 20260322212115.0
007 - PHYSICAL DESCRIPTION FIXED FIELD--GENERAL INFORMATION
fixed length control field data
007 - PHYSICAL DESCRIPTION FIXED FIELD--GENERAL INFORMATION
fixed length control field data
008 - FIXED-LENGTH DATA ELEMENTS--GENERAL INFORMATION
fixed length control field data
035 ## - SYSTEM CONTROL NUMBER
System control number 11431416
010 ## - LIBRARY OF CONGRESS CONTROL NUMBER
LC control number sf 94092699
035 ## - SYSTEM CONTROL NUMBER
System control number (OCoLC)33160700
040 ## - CATALOGING SOURCE
Original cataloging agency DLC
Language of cataloging eng
Transcribing agency DLC
Modifying agency OCLCQ
-- OCLCO
-- OCLCF
-- OCLCO
-- OCLCQ
042 ## - AUTHENTICATION CODE
Authentication code pcc
050 00 - LIBRARY OF CONGRESS CALL NUMBER
Classification number Microfilm 94/4156
245 00 - TITLE STATEMENT
Title Dynamic adventures.
260 ## - PUBLICATION, DISTRIBUTION, ETC.
Place of publication, distribution, etc. New York, N.Y. :
Name of publisher, distributor, etc. Street & Smith Publications,
Date of publication, distribution, etc. 1935-
300 ## - PHYSICAL DESCRIPTION
Extent volumes :
Other physical details illustrations ;
Dimensions 25 cm
310 ## - CURRENT PUBLICATION FREQUENCY
Current publication frequency Monthly
336 ## - CONTENT TYPE
Content type term text
Content type code txt
Source rdacontent
337 ## - MEDIA TYPE
Media type term microform
Media type code h
Source rdamedia
338 ## - CARRIER TYPE
Carrier type term microfilm reel
Carrier type code hd
Source rdacarrier
362 0# - DATES OF PUBLICATION AND/OR SEQUENTIAL DESIGNATION
Dates of publication and/or sequential designation Vol. 1, no. 1 (Oct. 1935)-
500 ## - GENERAL NOTE
General note Title from cover.
533 ## - REPRODUCTION NOTE
Type of reproduction Microfilm.
Dates and/or sequential designation of issues reproduced v.1:no. 1-v.2:no. 2 (Oct. 1935-May 1936):[Lacks v.2:no. 1, v.2:no. 3]
Place of reproduction Washington, D.C. :
Agency responsible for reproduction Available from Library of Congress Photoduplication Service.
-- Available from Library of Congress Photoduplication Service.
Physical description of reproduction 1 microfilm reels ; 35 mm.
590 ## - LOCAL NOTE (RLIN)
Local note SERBIB/SERLOC merged record
650 #0 - SUBJECT ADDED ENTRY--TOPICAL TERM
Topical term or geographic name entry element Adventure stories
Form subdivision Periodicals.
650 #7 - SUBJECT ADDED ENTRY--TOPICAL TERM
Topical term or geographic name entry element Adventure stories.
Source of heading or term fast
Authority record control number or standard number (OCoLC)fst00797462
655 #7 - INDEX TERM--GENRE/FORM
Genre/form data or focus term Periodicals.
Source of term fast
Authority record control number or standard number (OCoLC)fst01411641
776 1# - ADDITIONAL PHYSICAL FORM ENTRY
Qualifying information Original
Record control number (OCoLC)19591339
-- (OCoLC)19591339
890 ## -
-- Dynamic adventures. [microfilm]
-- sf94-92699
906 ## - LOCAL DATA ELEMENT F, LDF (RLIN)
a 7
b cbc
c serials
d u
e ncip
f 19
g n-oclcserc
920 ## -
-- Keep 1
991 ## -
-- c-MicRR
-- Microfilm 94/4156
-- SERIALS
992 ## -
-- MicRR
-- SERLOC
Holdings
Withdrawn status Lost status Damaged status Not for loan Home library Current library Shelving location Date acquired Total checkouts Full call number Barcode Date last seen Price effective from Koha item type
        Fairview Fairview General stacks 22/03/2026   Microfilm 94/4156 LOC-FPL-00016 22/03/2026 22/03/2026 Books